Outline of statistical theory. V1- Probability and probability distributions (Record no. 142365)

MARC details
000 -LEADER
fixed length control field 00418nam a2200157Ia 4500
008 - FIXED-LENGTH DATA ELEMENTS--GENERAL INFORMATION
fixed length control field 230917s9999||||xx |||||||||||||| ||und||
040 ## - CATALOGING SOURCE
-- 119934
Original cataloging agency VIVEKANANDA LIBRARY
041 ## - Language
-- English
082 ## - DDC NUMBER
Classification number 519.5 G643O
100 ## - MAIN ENTRY--PERSONAL NAME
Personal name Gun, A M
245 #0 - TITLE STATEMENT
Title Outline of statistical theory. V1- Probability and probability distributions
250 ## - EDITION STATEMENT
Edition statement 4th ed.
260 ## - PUBLICATION, DISTRIBUTION, ETC. (IMPRINT)
Place of publication, distribution, etc Kolkata
Name of publisher, distributor, etc World Press
Date of publication, distribution, etc 2003
300 ## - PHYSICAL DESCRIPTION
Pages 711 p.
942 ## - ADDED ENTRY ELEMENTS (KOHA)
Koha item type Books
Holdings
Withdrawn status Lost status Damaged status Not for loan Location (home branch) Sublocation or collection (holding branch) Date acquired Koha issues (times borrowed) Koha full call number Accession No. Koha date last seen Koha item type
        VIVEKANANDA LIBRARY VIVEKANANDA LIBRARY 10/12/2008 1 519.5 G643O 252150 12/11/2024 Books
        VIVEKANANDA LIBRARY VIVEKANANDA LIBRARY 10/12/2008   519.5 G643O 252151 17/09/2023 Books
        VIVEKANANDA LIBRARY VIVEKANANDA LIBRARY 10/12/2008 1 519.5 G643O 252152 21/04/2026 Books
        VIVEKANANDA LIBRARY VIVEKANANDA LIBRARY 10/12/2008   519.5 G643O 252153 17/09/2023 Books
        VIVEKANANDA LIBRARY VIVEKANANDA LIBRARY 10/12/2008   519.5 G643O 252154 17/09/2023 Books
© Designed and Maintained by Vivekananda Library, MDU Rohtak